000 00778nam a22001937a 4500
999 _c371491
_d371491
008 201127b ||||| |||| 00| 0 eng d
040 _aDE-2950
_bger
_cDE-2950
_erda
041 _ager
245 _aMit Spenden in Richtung Kriegsgebiet.
_bSolidarität: Die Hilfsbereitschaft in Frankfurt ist groß. Doch wie bekommt man alles koordiniert? Ist es wirklich eine gute Idee, direkt in die Ukraine zu fahren? /
_cLisa Mahlke
264 _c2022
653 _aFrankfurt (Oder)
653 _aUkraine-Krieg
653 _aHumanitäre Hilfe
773 _dFrankfurt (Oder) Märkisches Verlags- und Druckhaus GmbH & Co KG
_tMärkische Oderzeitung
_g33. Jahrgang (2022) Nr. 51 vom 02.03.2022, S. 13
942 _cA